Представление документа в формате RUSMARC

ПолеНазваниеЗначение
  Тип записи a
  Библиографический уровень m
001 Контрольный номер RU/IS/BASE/562256134
005 Дата корректировки 20241022093933.5
010 Индекс ISBN __
a ISBN 978-5-699-95482-7 (в пер.)
d Цена 277-20
100 Данные общей обработки __
a Данные общей обработки 19171025d2017||||||| 0rusy0189 ca
101 Язык документа 0_
a Язык текста rus
102 Страна публикации __
a Страна публикации ru|
105 Кодированные данные (монография) __
a Кодированные данные (монография) a|||||||000zy
200 Заглавие и сведения об ответственности 1_
a Заглавие Седло для дракона
e Сведения, относящиеся к заглавию [для старшего школьного возраста]
f Первые сведения об ответственности Дмитрий Емец
b Общее обозначение материала Текст
210 Выходные данные 1_
a Место издания Москва
c Издательство ЭКСМО
d Дата издания 2017
215 Физическое описание __
a Объем 381, [1] с.
d Формат 21 см
225 Серия 2_
a Серия Школа ныряльщиков (ШНыр, новый суперпроект Д. Емца)
300 Общие примечания __
a Общие примечания 7000 экз.
300 Общие примечания __
a Общие примечания В выпускных данных указано: 16+
330 Аннотация __
a Аннотация Много лет назад Митяй Желтоглазый, один из первых ныряльщиков, нашел в другом мире - двушке - необычный самородок и выковал из него фигурку. Эта фигурка помогает ее обладателю приручить дракона. Драконы более маневренны, чем пеги, они быстрее, сильнее, и нырять с ними на двушку гораздо легче. Однако провести их в наш мир невозможно, а значит, и фигурка совершенно бесполезна. До поры до времени... В наши дни опытная, но отчаянная Наста попыталась принести с нырка нечто особенное, не просто живую закладку, а яйцо. И судя по его размеру, из него мог вылупиться кто-то крупный. Шныры не знают кто, а вот кое-кто из ведьмарей знает. И теперь будет охотиться за редкой находкой.
333 Примечание о целевом назначении __
a Примечание о целевом назначении 12+. Для детей старше 12 лет
606 Тематические рубрики __
a Основная рубрика Художественная литература
606 Тематические рубрики __
a Основная рубрика Современная русская литература (произведения)
610 Ключевые слова 0_
a Ключевые слова детская литература
a Ключевые слова подростковая литература
a Ключевые слова романы
a Ключевые слова тема борьбы
a Ключевые слова тема ведьм
a Ключевые слова тема драконов
a Ключевые слова тема дружбы
a Ключевые слова тема друзей
a Ключевые слова тема подростков
a Ключевые слова тема приключений
a Ключевые слова фэнтези
a Ключевые слова фэнтези
686 Индексы других классификаций __
2 Код системы rubbks
a Классификационный индекс 84(2=411.2)6-445; ст84(2Рос=Рус)6-4
700 Автор _1
a Фамилия Емец
b Имя Д. А.
g Полное личное имя Дмитрий Александрович
4 Код отношения 070
801 Источник записи _0
a Страна ru
b Организация Муниципальное бюджетное учреждение культуры "Централизованная библиотечная система" г. Сургут (Центральная городская библиотека им. А. С. Пушкина)
c Дата составления 20171025
g Правила каталогизации RCR
801 Источник записи _1
a Страна ru
b Организация Муниципальное бюджетное учреждение культуры "Централизованная библиотечная система" г. Сургут (Центральная городская библиотека им. А. С. Пушкина)
c Дата составления 20171025
g Правила каталогизации RCR
852 Данные о местонахождении __
j Шифр хранения 84(2=411.2)6-445
i Авторский знак Е 60
901 Тип документа __
t Тип документа m
a Ответственный КиК/Мамарузиева
903 Характеристики (МАРС) __
a Дата передачи 20171025
969 Тип издания __
a Тип издания издание для юношества
990 Данные о заказе (DOS) __
j Количество экземпляров (DOS) 8
t N записи в КСУ для И/У (DOS) 201711